Plastering and internal rendering (Record no. 104643)
[ view plain ]
| 000 -LEADER | |
|---|---|
| fixed length control field | 00973cam a2200241 4500 |
| 001 - CONTROL NUMBER | |
| control field | ##L131117 |
| 008 - FIXED-LENGTH DATA ELEMENTS--GENERAL INFORMATION | |
| fixed length control field | 050930n2005 000 0 eng u |
| 020 ## - INTERNATIONAL STANDARD BOOK NUMBER | |
| International Standard Book Number | 1860818668 |
| 035 ## - SYSTEM CONTROL NUMBER | |
| System control number | (Sirsi) u131117 |
| 041 0# - LANGUAGE CODE | |
| Language code of text/sound track or separate title | eng |
| 050 04 - LIBRARY OF CONGRESS CALL NUMBER | |
| Classification number | 693.6 $2 18 |
| 100 1# - MAIN ENTRY--PERSONAL NAME | |
| Personal name | Harrison, Harry |
| 245 00 - TITLE STATEMENT | |
| Title | Plastering and internal rendering |
| Remainder of title | workmanship |
| 260 ## - PUBLICATION, DISTRIBUTION, ETC. | |
| Place of publication, distribution, etc. | Watford |
| Name of publisher, distributor, etc. | BRE |
| Date of publication, distribution, etc. | 2005 |
| 300 ## - PHYSICAL DESCRIPTION | |
| Extent | 6p. |
| Other physical details | ill diagrams |
| Dimensions | 30cm. |
| 350 ## - PRICE (NR) (BK AM CF MU VM SE) [OBSOLETE] | |
| Price | 12 00 |
| 490 #0 - SERIES STATEMENT | |
| Series statement | BRE Good Building Guide |
| Volume/sequential designation | GBG 65: Part 2 |
| 520 ## - SUMMARY, ETC. | |
| Summary, etc. | This guide covers good practice, the storage and handling of materials, protection of surrounding construction, preparation of surfaces, control of suction, dubbing out, bonding agents, permissible deviations, check lists and restoration of defective work. |
| 590 ## - LOCAL NOTE (RLIN) | |
| Local note | IKA111005 |
| 690 ## - LOCAL SUBJECT ADDED ENTRY--TOPICAL TERM (OCLC, RLIN) | |
| Topical term or geographic name as entry element | BUILT ENVIRONMENT-BUILDING ELEMENTS-PARTS OF BUILDING ELEMENTS-INTERNAL FINISHES-WALL INTERNAL FINISHES |
| 710 2# - ADDED ENTRY--CORPORATE NAME | |
| Corporate name or jurisdiction name as entry element | Building Research Establishment |
| 942 ## - ADDED ENTRY ELEMENTS (KOHA) | |
| Suppress in OPAC | 0 |
| Withdrawn status | Lost status | Source of classification or shelving scheme | Damaged status | Not for loan | Home library | Current library | Shelving location | Date acquired | Total Checkouts | Full call number | Barcode | Date last seen | Date last checked out | Copy number | Price effective from | Koha item type |
|---|---|---|---|---|---|---|---|---|---|---|---|---|---|---|---|---|
| Dewey Decimal Classification | London | London | BRE publications | 30/09/2005 | 2 | ENQUIRY DESK | 30070890 | 06/08/2019 | 02/01/2007 | 1 | 06/08/2019 | Book |